Central Library OPAC University of Rajshahi

The world of the middle ages : (Record no. 26149)

MARC details
000 -LEADER
fixed length control field 00692nam a22002177a 4500
001 - CONTROL NUMBER
control field 26149
003 - CONTROL NUMBER IDENTIFIER
rucl marc code BD-RjUL
005 - DATE AND TIME OF LATEST TRANSACTION
control field 20211209050958.0
008 - FIXED-LENGTH DATA ELEMENTS--GENERAL INFORMATION
fixed length control field 140320b19581954u ||||| |||| 001 0 eng d
035 ## - SYSTEM CONTROL NUMBER
System control number (BD-RjUL)26219
040 ## - CATALOGING SOURCE
Original cataloging agency BD-RjUL
Language of cataloging eng
Transcribing agency BD-RjUL
041 ## - LANGUAGE CODE
Language code of text/sound track or separate title eng
082 ## - DEWEY DECIMAL CLASSIFICATION NUMBER
Classification number 940.1
Author mark and year STW 1958
100 ## - MAIN ENTRY--PERSONAL NAME
Personal name Strong C. F.
9 (RLIN) 13784
245 ## - TITLE STATEMENT
Title The world of the middle ages :
Remainder of title From the division of charlemagne's empire in the ninth century to the renaissance in the fifteenth century /
Statement of responsibility, etc. C. F. Strong
260 ## - PUBLICATION, DISTRIBUTION, ETC. (IMPRINT)
Place of publication, distribution, etc. London :
Name of publisher, distributor, etc. University press,
Date of publication, distribution, etc. c1954 [reprinting 1958]
300 ## - PHYSICAL DESCRIPTION
Pagination 223 p. ;
Size 22 cm.
504 ## - BIBLIOGRAPHY, ETC. NOTE
Bibliography, etc includes index
650 ## - SUBJECT ADDED ENTRY--TOPICAL TERM
Topical term or geographic name as entry element History
9 (RLIN) 80369
942 ## - ADDED ENTRY ELEMENTS (KOHA)
Source of classification or shelving scheme Dewey Decimal Classification
Koha item type Books
Holdings
Lost status Source of classification or shelving scheme Damaged status Not for loan Collection code Permanent Location Current Location Shelving location Date acquired Source of acquisition Cost, normal purchase price Total Checkouts Full call number Date last seen Copy number Koha item type
  Dewey Decimal Classification   Added to bundle Non-fiction Central Library, University of Rajshahi Central Library, University of Rajshahi Reading Room 25/01/1960 Oriental 0.76   940.1 STW 1958 20/03/2014 C-1 Books